| 000 | 00975nam a2200205 u 4500 | ||
|---|---|---|---|
| 001 | 000498547 | ||
| 003 | AM-YeHGA | ||
| 005 | 20250618072645.0 | ||
| 008 | 060831s1945 ||||||||||||||||||||arm|c | ||
| 040 | _aAM-YeHGA | ||
| 041 | 0 | _aarm | |
| 100 | 1 |
_aՀարությունյան, Համո Ավետիսի, _d1906-1981 _91170 |
|
| 245 | 1 | 0 |
_aՀայաստանը Արշակունիների ժամանակ : _b1-429 թ.թ. / _cԴոցենտ. Հ. Հարութունյան; Պատ. խմբ.՝ Մ. Հասրաթյան; ՀՍՍՌ պետ. հեռակա մանկ. ին-տ. |
| 260 |
_aԵրևան : _bՀեռակա մանկ. ին-տի հրատ., _c1945. |
||
| 300 | _a156 էջ. | ||
| 650 | 1 | 4 |
_aՀայ ժողովրդի պատմություն _yԱրշակունիների ժամանակ |
| 700 | 1 |
_aՀասրաթյան, Մորուս Ստեփանի, _d1902-1979 _eխմբ. _4edt _92367 |
|
| 710 | 2 | _aՊետական հեռակա մանկավարժական ինստիտուտ ՀՍՍՌ | |
| 090 | _c185761 | ||
| 999 |
_c184306 _d184306 |
||